[Event "Zadar op-B 25th"]
[Site "Zadar"]
[Date "2018.12.22"]
[Round "9"]
[White "Vidovic, Ante"]
[Black "Lazaneo, Djani Ivan"]
[Result "1-0"]
[WhiteElo "2122"]
[BlackElo "1969"]
[PlyCount "79"]
[EventDate "2018.12.15"]
[EventType "swiss"]
[EventRounds "9"]
[EventCountry "CRO"]
[SourceTitle "CBM 188 Extra"]
[Source "ChessBase"]
[SourceDate "2019.02.26"]
[SourceVersion "1"]
[SourceVersionDate "2019.02.26"]
[SourceQuality "1"]

1. Nf3 d5 2. g3 Nf6 3. Bg2 e6 4. d3 Be7 5. Nbd2 c5 6. e4 0-0 7. 0-0 Nc6 8. e5 Nd7 9. Re1 Qc7 10. Qe2 b5 11. c3 Bb7 12. h4 Rfc8 13. Nf1 h6 14. Bf4 Qd8 15. N1h2 Kh8 16. h5 b4 17. Qd2 Qg8 18. a3 bxc3 19. bxc3 Ba6 20. Ng4 Bf8 21. Ne3 Na5 22. Qc2 Nb6 23. Nd2 Qh7 24. c4 Nc6 25. cxd5 Bxd3 26. Qa2 exd5 27. Nxd5 Qf5 28. Nxb6 axb6 29. Nc4 Ra6 30. Ne3 Qxh5 31. Bxc6 Rxc6 32. Qd5 Bb5 33. a4 Rxa4 34. Rxa4 Bxa4 35. Ra1 Bb5 36. Ra8 Kh7 37. Rxf8 Rg6 38. Qxf7 Rc6 39. Qg8+ Kg6 40. Qf7+ 1-0

[Event "Zadar op-B 20th"]
[Site "Zadar"]
[Date "2013.12.18"]
[Round "5"]
[White "Vidovic, Ante"]
[Black "Videnova, Iva"]
[Result "0-1"]
[WhiteElo "2113"]
[BlackElo "2260"]
[PlyCount "72"]
[EventDate "2013.12.15"]
[EventType "swiss"]
[EventRounds "9"]
[EventCountry "CRO"]
[SourceTitle "CBM 158 Extra"]
[Source "ChessBase"]
[SourceDate "2014.02.28"]
[SourceVersion "1"]
[SourceVersionDate "2014.02.28"]
[SourceQuality "1"]

1. Nf3 Nf6 2. g3 d5 3. Bg2 g6 4. 0-0 Bg7 5. d3 0-0 6. Nbd2 c5 7. e4 e6 8. Re1 Nc6 9. Qe2 b6 10. Nf1 Ba6 11. e5 Nd7 12. Bf4 Rc8 13. h4 h6 14. N1h2 Ne7 15. Ng4 Nf5 16. Qd2 Kh7 17. h5 gxh5 18. Bh3 hxg4 19. Bxg4 Rh8 20. Kg2 Nd4 21. Rh1 Nxf3 22. Bxf3 Kg8 23. Bxh6 Bxh6 24. Rxh6 Rxh6 25. Qxh6 Qf8 26. Qf4 Qg7 27. Qa4 Nb8 28. Rh1 Qxe5 29. Rh5 Qd4 30. c4 dxc4 31. dxc4 Qd7 32. Qc2 Bb7 33. Qh7+ Kf8 34. Qh6+ Ke8 35. Qf6 Bxf3+ 36. Kxf3 Qd1+ 0-1

[Event "Zadar op-B 18th"]
[Site "Zadar"]
[Date "2011.12.15"]
[Round "7"]
[White "Saric, Kristina"]
[Black "Vidovic, Ante"]
[Result "1/2-1/2"]
[WhiteElo "2255"]
[BlackElo "2080"]
[PlyCount "92"]
[EventDate "2011.12.11"]
[EventType "swiss"]
[EventRounds "9"]
[EventCountry "CRO"]
[SourceTitle "CBM 145 Extra"]
[Source "ChessBase"]
[SourceDate "2012.01.03"]
[SourceVersion "1"]
[SourceVersionDate "2012.01.03"]
[SourceQuality "1"]

1. e4 c5 2. Nf3 e6 3. c4 d6 4. d4 cxd4 5. Nxd4 Nf6 6. Nc3 b6 7. Be3 Bb7 8. f3 Be7 9. Be2 0-0 10. 0-0 Nc6 11. Qd2 Rc8 12. Nxc6 Bxc6 13. Rfd1 Qc7 14. Rac1 Rfd8 15. Nd5 Bxd5 16. cxd5 Qb7 17. Rxc8 Rxc8 18. Bb5 e5 19. Bc6 Qc7 20. b4 g6 21. a4 Nh5 22. a5 Bd8 23. Ra1 Qb8 24. a6 Ng7 25. f4 exf4 26. Bxf4 Bf6 27. Rf1 Nh5 28. Bg5 Be5 29. g4 Ng7 30. Qf2 f6 31. Bxf6 Rf8 32. Qh4 Rxf6 33. Rxf6 Qd8 34. g5 Bxf6 35. gxf6 Kf7 36. e5 dxe5 37. Qc4 Qxf6 38. d6+ Kf8 39. d7 Ke7 40. b5 Ne6 41. Bg2 Nc5 42. d8Q+ Kxd8 43. Qg8+ Ke7 44. Qb8 Qd6 45. Qxa7+ Kf6 46. Qxh7 Qd4+ 1/2-1/2

[Event "OP-2011-0-01504"]
[Site "LSS email"]
[Date "2011.04.27"]
[Round "?"]
[White "Vontina, Maria"]
[Black "Vidovic, Ante"]
[Result "0-1"]
[WhiteElo "738"]
[BlackElo "2081"]
[PlyCount "56"]
[EventDate "2011.04.24"]
[EventType "tourn (corr)"]
[EventRounds "4"]
[EventCountry "GER"]
[SourceTitle "Telechess CBM 151"]
[Source "ChessBase"]
[SourceDate "2012.11.13"]
[SourceVersion "1"]
[SourceVersionDate "2012.11.13"]
[SourceQuality "1"]

1. e4 c5 2. Nf3 d6 3. d4 cxd4 4. Nxd4 Nf6 5. Nc3 g6 6. Be3 Bg7 7. f3 Nc6 8. Qd2 0-0 9. g4 Be6 10. 0-0-0 Nxd4 11. Bxd4 Qa5 12. Kb1 Rfc8 13. a3 Rab8 14. h4 b5 15. Nxb5 Rxb5 16. Qxa5 Rxa5 17. h5 Nd7 18. Bxg7 Kxg7 19. hxg6 hxg6 20. Bd3 Rac5 21. Rdg1 Ne5 22. Rf1 Bc4 23. Bxc4 Nxc4 24. Rh2 Rb5 25. c3 Nxa3+ 26. Kc1 Rxc3+ 27. bxc3 Rb1+ 28. Kd2 Rxf1 0-1

[Event "Zadar op-B 17th"]
[Site "Zadar"]
[Date "2010.12.14"]
[Round "4"]
[White "Vidovic, Ante"]
[Black "Bozanic, Ivica"]
[Result "1-0"]
[WhiteElo "2079"]
[BlackElo "2256"]
[PlyCount "55"]
[EventDate "2010.12.12"]
[EventType "swiss"]
[EventRounds "9"]
[EventCountry "CRO"]
[SourceTitle "CBM 139 Extra"]
[Source "ChessBase"]
[SourceDate "2011.01.05"]
[SourceVersion "1"]
[SourceVersionDate "2011.01.05"]
[SourceQuality "1"]

1. e4 c5 2. Nf3 Nc6 3. d3 g6 4. g3 Bg7 5. Bg2 d6 6. 0-0 Nf6 7. Nbd2 0-0 8. a4 a6 9. Nc4 Rb8 10. Nh4 b5 11. axb5 axb5 12. Ne3 Bb7 13. f4 Ra8 14. Rxa8 Bxa8 15. g4 Nd7 16. g5 e5 17. f5 Qxg5 18. f6 Bh6 19. Nhf5 gxf5 20. Nxf5 Qxc1 21. Qg4+ Kh8 22. Rxc1 Rg8 23. Qh5 Bxc1 24. Qxf7 Nb6 25. Qc7 Na4 26. Qxd6 Rd8 27. f7 Bg5 28. f8R+ 1-0

[Event "Zadar op-B 13th"]
[Site "Zadar"]
[Date "2006.12.12"]
[Round "2.1"]
[White "Mihalj, M Miroslav"]
[Black "Vidovic, Ante"]
[Result "1-0"]
[WhiteElo "2298"]
[BlackElo "2133"]
[PlyCount "51"]
[EventDate "2006.12.11"]
[EventType "swiss"]
[EventRounds "9"]
[EventCountry "CRO"]
[SourceTitle "CBM 115 Extra"]
[Source "ChessBase"]
[SourceDate "2007.01.10"]
[SourceVersion "1"]
[SourceVersionDate "2007.01.10"]
[SourceQuality "1"]

1. e4 c5 2. Ne2 e6 3. g3 d5 4. Bg2 Nf6 5. exd5 Nxd5 6. d4 cxd4 7. Nxd4 Bb4+ 8. c3 Bc5 9. 0-0 0-0 10. a3 a6 11. c4 Nb6 12. Nb3 Be7 13. Na5 Qc7 14. b4 Rd8 15. Qe2 Bf6 16. Ra2 Nc6 17. Nxc6 bxc6 18. Nd2 Bb7 19. Ne4 Be7 20. Be3 a5 21. Nc5 axb4 22. axb4 Rxa2 23. Qxa2 Bc8 24. Qa5 Bd6 25. Nxe6 Nxc4 26. Qxc7 1-0

[Event "IECG QA.2006.0.00077"]
[Site "IECG email"]
[Date "2006.07.21"]
[Round "?"]
[White "Harley Yeo, Gareth"]
[Black "Vidovic, Ante"]
[Result "0-1"]
[WhiteElo "2009"]
[BlackElo "2050"]
[PlyCount "22"]
[EventDate "2006.07.21"]
[EventType "tourn (corr)"]
[EventRounds "6"]
[SourceTitle "Corr 2024"]
[Source "ChessBase"]
[SourceDate "2023.10.19"]
[SourceVersion "1"]
[SourceVersionDate "2023.10.19"]
[SourceQuality "1"]

1. d4 Nf6 2. c4 g6 3. Nc3 Bg7 4. e4 d6 5. Nge2 0-0 6. Ng3 c5 7. d5 e6 8. Be2 exd5 9. exd5 Ne8 10. h4 Nd7 11. Bg5 f6 0-1

[Event "IECG QA.2006.0.00077"]
[Site "IECG email"]
[Date "2006.07.21"]
[Round "?"]
[White "Vidovic, Ante"]
[Black "Harley Yeo, Gareth"]
[Result "1-0"]
[WhiteElo "2050"]
[BlackElo "2009"]
[PlyCount "21"]
[EventDate "2006.07.21"]
[EventType "tourn (corr)"]
[EventRounds "6"]
[SourceTitle "Corr 2024"]
[Source "ChessBase"]
[SourceDate "2023.10.19"]
[SourceVersion "1"]
[SourceVersionDate "2023.10.19"]
[SourceQuality "1"]

1. e4 c5 2. Nf3 b6 3. d4 cxd4 4. Nxd4 Bb7 5. Bd3 g6 6. c4 Bg7 7. Nc2 d6 8. 0-0 Na6 9. Re1 Nc5 10. Nc3 Bxc3 11. bxc3 1-0

[Event "Zadar op"]
[Site "Zadar"]
[Date "2004.12.17"]
[Round "7"]
[White "Kolega, Marin"]
[Black "Vidovic, Ante"]
[Result "1/2-1/2"]
[WhiteElo "1981"]
[BlackElo "2148"]
[PlyCount "39"]
[EventDate "2004.12.13"]
[EventType "swiss"]
[EventRounds "9"]
[EventCountry "CRO"]
[SourceTitle "CBM 103 Extra"]
[Source "ChessBase"]
[SourceDate "2005.01.01"]
[SourceVersion "1"]
[SourceVersionDate "2005.01.01"]
[SourceQuality "1"]

1. a3 g6 2. d4 Nf6 3. c4 Bg7 4. Nc3 d6 5. Bg5 0-0 6. e3 c6 7. Nf3 Re8 8. Be2 Bf5 9. 0-0 Ne4 10. Nxe4 Bxe4 11. Bd3 Bxd3 12. Qxd3 Qc7 13. Rab1 a5 14. b4 Nd7 15. c5 axb4 16. axb4 d5 17. b5 e5 18. b6 Qc8 19. Qc2 Ra3 20. Ra1 1/2-1/2

[Event "Pula op 16th"]
[Site "Pula"]
[Date "2002.05.12"]
[Round "1"]
[White "Vidovic, Ante"]
[Black "Stocek, Jiri"]
[Result "0-1"]
[WhiteElo "2152"]
[BlackElo "2566"]
[PlyCount "34"]
[EventDate "2002.05.12"]
[EventType "swiss"]
[EventRounds "9"]
[EventCountry "CRO"]
[SourceTitle "CBM 088 Extra"]
[Source "ChessBase"]
[SourceDate "2002.07.01"]
[SourceVersion "2"]
[SourceVersionDate "2002.07.01"]
[SourceQuality "1"]

1. a3 Nf6 2. Nf3 e6 3. g3 b5 4. Nc3 a6 5. e4 Bb7 6. d3 d5 7. e5 Nfd7 8. Qe2 Nc6 9. Bf4 h6 10. h4 b4 11. axb4 Bxb4 12. d4 Nb6 13. Qe3 Na5 14. Nd2 c5 15. Rxa5 Bxa5 16. Nb3 Nc4 17. Qc1 cxd4 0-1

[Event "Zadar op"]
[Site "Zadar"]
[Date "2001.12.17"]
[Round "3"]
[White "Vidovic, Ante"]
[Black "Fercec, Nenad"]
[Result "1/2-1/2"]
[WhiteElo "2107"]
[BlackElo "2458"]
[PlyCount "86"]
[EventDate "2001.12.15"]
[EventType "swiss"]
[EventRounds "9"]
[EventCountry "CRO"]
[SourceTitle "CBM 085 Extra"]
[Source "ChessBase"]
[SourceDate "2002.01.21"]
[SourceVersion "1"]
[SourceVersionDate "2002.01.21"]
[SourceQuality "1"]

1. a3 g6 2. g3 Bg7 3. Bg2 d5 4. Nf3 c5 5. 0-0 Nc6 6. d3 e5 7. c4 Nge7 8. Nc3 d4 9. Na4 b6 10. b4 cxb4 11. axb4 Bd7 12. b5 Na5 13. Bd2 Rc8 14. Bxa5 bxa5 15. Rb1 0-0 16. Ng5 Rb8 17. Qc2 Qc7 18. Ne4 Rxb5 19. Rxb5 Bxb5 20. Rb1 Bc6 21. Qb3 Nf5 22. Nac5 Rc8 23. Na6 Qe7 24. Nb8 Be8 25. c5 a4 26. Qb4 Bf8 27. Qa5 Kg7 28. c6 Bxc6 29. Nxc6 Rxc6 30. Qxa4 Rc7 31. Qa5 Nd6 32. Nxd6 Qxd6 33. Bf3 h5 34. h4 Qc5 35. Rb5 Qc3 36. Rxe5 Bb4 37. Qd5 Qe1+ 38. Kg2 Rc1 39. Kh3 Qxf2 40. Re8 Qf1+ 41. Kh2 Qg1+ 42. Kh3 Qf1+ 43. Kh2 Qg1+ 1/2-1/2